[Event "Nichelino op 11th"]
[Site "Nichelino"]
[Date "2010.09.30"]
[Round "1"]
[White "Cacinschi, Alexandru"]
[Black "Revello, Beatrice"]
[Result "1-0"]
[WhiteElo "1959"]
[BlackElo "1722"]
[PlyCount "87"]
[EventDate "2010.09.30"]
[EventType "swiss"]
[EventRounds "6"]
[EventCountry "ITA"]
[SourceTitle "EXT 2024"]
[Source "ChessBase"]
[SourceDate "2023.10.10"]
[SourceVersion "1"]
[SourceVersionDate "2023.10.10"]
[SourceQuality "1"]

1. d4 Nf6 2. Nf3 e6 3. c4 d5 4. g3 c6 5. Bg2 Be7 6. 0-0 0-0 7. Qc2 Nbd7 8. Rd1 Qb6 9. a3 c5 10. dxc5 Bxc5 11. e3 Rd8 12. b4 Be7 13. c5 Qc7 14. Nc3 Ne5 15. Nxe5 Qxe5 16. Bb2 Qc7 17. Rac1 Bd7 18. Ne2 Rac8 19. Nd4 a6 20. Qe2 a5 21. Nb5 Bxb5 22. Qxb5 axb4 23. axb4 Qc6 24. Qe2 b6 25. b5 Qc7 26. c6 Bc5 27. Ra1 Ne8 28. Qg4 Qe7 29. Ra4 f5 30. Qe2 Nd6 31. Bf1 Ra8 32. Qc2 Qe8 33. Rda1 Rxa4 34. Qxa4 Qe7 35. Qa7 Qxa7 36. Rxa7 Nf7 37. Rb7 Rc8 38. Bd4 e5 39. Bxc5 bxc5 40. c7 Nd6 41. Rb8 Kf7 42. b6 c4 43. Rxc8 Nxc8 44. b7 1-0

[Event "Torino Alfieri op 2nd"]
[Site "Torino"]
[Date "2010.04.24"]
[Round "5"]
[White "Cacinschi, Alexandru"]
[Black "Pettorusso, Aldo"]
[Result "1-0"]
[WhiteElo "1986"]
[BlackElo "1598"]
[PlyCount "142"]
[EventDate "2010.04.21"]
[EventType "swiss"]
[EventRounds "5"]
[EventCountry "ITA"]
[SourceTitle "EXT 2024"]
[Source "ChessBase"]
[SourceDate "2023.10.10"]
[SourceVersion "1"]
[SourceVersionDate "2023.10.10"]
[SourceQuality "1"]

1. e4 c6 2. d4 d5 3. e5 c5 4. dxc5 e6 5. Be3 Nc6 6. Nf3 Bxc5 7. Bxc5 Qa5+ 8. c3 Qxc5 9. Bd3 Nge7 10. 0-0 a5 11. Re1 Bd7 12. Na3 Ng6 13. h4 0-0 14. h5 Nf4 15. Bb1 Qe7 16. Qd2 g5 17. Qc2 f6 18. exf6 Qf7 19. g3 Nh3+ 20. Kg2 Qxh5 21. Rh1 g4 22. Ng5 e5 23. Qxh7+ Qxh7 24. Bxh7+ Kh8 25. Bd3 Rxf6 26. Nxh3 gxh3+ 27. Kf1 Raf8 28. Rh2 Bg4 29. Be2 Be6 30. Nc2 e4 31. Rd1 Ne5 32. Ke1 Kg7 33. Nd4 Bg4 34. Rd2 Bxe2 35. Rxe2 Nd3+ 36. Kf1 Rh6 37. g4 Kf6 38. Nf5 Rh7 39. Ne3 Ke5 40. a3 a4 41. Nd1 Nc1 42. Re3 Nb3 43. Rexh3 Nd2+ 44. Ke2 Rxh3 45. Rxh3 Nf3 46. Rh7 d4 47. cxd4+ Nxd4+ 48. Kf1 b5 49. Kg2 Rg8 50. Ne3 Rb8 51. Rh5+ Kf6 52. Nd5+ Kg6 53. Re5 Nc2 54. Rxe4 Kg5 55. Kg3 Rd8 56. f4+ Kg6 57. Nb4 Na1 58. Re6+ Kg7 59. Rb6 Rd2 60. Rxb5 Rxb2 61. Rd5 Nb3 62. f5 Nd2 63. g5 Ne4+ 64. Kf4 Nc3 65. Rd7+ Kf8 66. g6 Rf2+ 67. Ke5 Re2+ 68. Kf4 Rf2+ 69. Kg4 Rf1 70. Nc6 Ne4 71. Rf7+ Ke8 1-0

[Event "Torino Alfieri op 2nd"]
[Site "Torino"]
[Date "2010.04.23"]
[Round "3"]
[White "Cacinschi, Alexandru"]
[Black "Vozza, Augusto"]
[Result "1-0"]
[WhiteElo "1986"]
[BlackElo "1540"]
[PlyCount "65"]
[EventDate "2010.04.21"]
[EventType "swiss"]
[EventRounds "5"]
[EventCountry "ITA"]
[SourceTitle "EXT 2024"]
[Source "ChessBase"]
[SourceDate "2023.10.10"]
[SourceVersion "1"]
[SourceVersionDate "2023.10.10"]
[SourceQuality "1"]

1. e4 c6 2. d4 d5 3. e5 c5 4. dxc5 Nc6 5. Nf3 Bg4 6. Bb5 e6 7. Be3 a6 8. Bxc6+ bxc6 9. c3 Ne7 10. 0-0 Ng6 11. Bd4 Qc7 12. Re1 Nh4 13. Nbd2 Be7 14. h3 Bh5 15. g3 Nxf3+ 16. Nxf3 Qd8 17. Kg2 a5 18. b4 Rb8 19. a3 Qc8 20. Qa4 Qa6 21. Nd2 0-0 22. Nb3 Bd8 23. Nd2 Bc7 24. Nf1 Be2 25. Ne3 Bb5 26. Qd1 Bd3 27. f4 Be4+ 28. Kh2 Rb5 29. Qe2 Rfb8 30. a4 Rxb4 31. Qxa6 Rb2+ 32. Re2 Rxe2+ 33. Qxe2 1-0

[Event "Turin-ch"]
[Site "Turin"]
[Date "2009.11.16"]
[Round "2"]
[White "Berutti, Mario"]
[Black "Cacinschi, Alexandru"]
[Result "1-0"]
[WhiteElo "1796"]
[BlackElo "2034"]
[PlyCount "77"]
[EventDate "2009.11.09"]
[EventType "swiss"]
[EventRounds "7"]
[EventCountry "ITA"]
[SourceTitle "EXT 2012"]
[Source "ChessBase"]
[SourceDate "2011.11.24"]
[SourceVersion "1"]
[SourceVersionDate "2011.11.24"]
[SourceQuality "1"]

1. e4 g6 2. d4 Bg7 3. Be3 c6 4. Nc3 d5 5. f3 Nd7 6. Bd3 e6 7. Nge2 Ne7 8. Qd2 h5 9. Bg5 Bf6 10. h4 Qb6 11. e5 Bxg5 12. hxg5 c5 13. Nb5 c4 14. Nd6+ Kf8 15. Qf4 Rh7 16. Rxh5 Rg7 17. Rh8+ Ng8 18. Bxg6 Qxb2 19. Rd1 f5 20. Bxf5 exf5 21. Qxf5+ Ke7 22. Rxg8 Rxg8 23. Qf7+ Kd8 24. Qxg8+ Kc7 25. e6 Qb4+ 26. c3 Qxd6 27. exd7 Qxd7 28. g6 Qf5 29. g7 Rb8 30. Qf8 Be6 31. Qxf5 Bxf5 32. g4 Bh7 33. Kf2 Rg8 34. Nf4 Kd6 35. Nh5 Bg6 36. Rg1 b5 37. f4 Ke7 38. f5 Kf7 39. fxg6+ 1-0

[Event "Turin-ch"]
[Site "Turin"]
[Date "2009.11.09"]
[Round "1"]
[White "Cacinschi, Alexandru"]
[Black "Barletta, Mauro"]
[Result "0-1"]
[WhiteElo "2034"]
[BlackElo "2210"]
[PlyCount "74"]
[EventDate "2009.11.09"]
[EventType "swiss"]
[EventRounds "7"]
[EventCountry "ITA"]
[SourceTitle "EXT 2012"]
[Source "ChessBase"]
[SourceDate "2011.11.24"]
[SourceVersion "1"]
[SourceVersionDate "2011.11.24"]
[SourceQuality "1"]

1. e4 d5 2. exd5 Nf6 3. d4 Bg4 4. Nf3 Qxd5 5. Be2 Nc6 6. c3 e6 7. Bf4 Bd6 8. Bxd6 cxd6 9. Nbd2 0-0 10. 0-0 b5 11. a4 b4 12. Bb5 bxc3 13. bxc3 Ne7 14. h3 Bh5 15. Qe2 Qb7 16. Rfc1 Ned5 17. g3 Qc7 18. c4 Nb4 19. c5 dxc5 20. dxc5 Rfd8 21. Ne4 a6 22. Nxf6+ gxf6 23. Bc4 Qc6 24. g4 Bg6 25. Nh4 Nd5 26. Nxg6 hxg6 27. Bxd5 Rxd5 28. Qb2 Rd3 29. Rc3 Rad8 30. Rxd3 Rxd3 31. Kh2 Qf3 32. Qb8+ Kg7 33. Qg3 Qe4 34. Qc7 e5 35. Qc8 Qf3 36. g5 Qxf2+ 37. Kh1 f5 0-1

[Event "Isola d'Elba op 27th"]
[Site "Capoliveri"]
[Date "2009.05.??"]
[Round "3"]
[White "Cacinschi, Alexandru"]
[Black "Colombo, Paolo"]
[Result "0-1"]
[WhiteElo "1949"]
[BlackElo "2138"]
[PlyCount "118"]
[EventDate "2009.05.10"]
[EventType "swiss"]
[EventRounds "9"]
[EventCountry "ITA"]
[SourceTitle "EXT 2011"]
[Source "ChessBase"]
[SourceDate "2010.11.26"]
[SourceVersion "1"]
[SourceVersionDate "2010.11.26"]
[SourceQuality "1"]

1. e4 d6 2. d4 Nf6 3. Nc3 c6 4. h3 Qc7 5. Nf3 e5 6. Be3 Nbd7 7. Bd3 Be7 8. 0-0 Nf8 9. Qe2 Ng6 10. Rad1 Nh5 11. Qd2 Nhf4 12. Ne2 Nxd3 13. Qxd3 0-0 14. Ng3 Nh4 15. Nxh4 Bxh4 16. Nf5 Bxf5 17. exf5 d5 18. dxe5 Qxe5 19. Bd4 Qd6 20. Qc3 Qh6 21. Rd3 Rfe8 22. Rf3 Re4 23. f6 g6 24. g3 Bg5 25. h4 Bxh4 26. gxh4 Rxh4 27. Be5 Re8 28. Re1 Rh1+ 29. Kg2 Rxe1 30. Qxe1 Qg5+ 31. Kf1 Rxe5 32. Qa5 Qc1+ 33. Kg2 Rg5+ 34. Rg3 Rxg3+ 35. Kxg3 Qg5+ 36. Kh3 Qxf6 37. Qxa7 Qxb2 38. Kg4 h5+ 39. Kf4 Kg7 40. Qb8 Qd4+ 41. Kg3 b5 42. Qc7 Qc3+ 43. Kf4 Qxc2 44. Kg3 Qc3+ 45. f3 Qf6 46. Kf2 d4 47. Ke2 Qe6+ 48. Kd1 Qd5 49. f4 c5 50. a3 c4 51. Qa5 c3 52. a4 Qb3+ 53. Ke2 Qxa4 54. Qc7 Qc2+ 55. Kf3 Qd3+ 56. Kg2 Qe2+ 57. Kh3 c2 58. f5 Qf3+ 59. Kh2 Qxf5 0-1

[Event "Isola d'Elba op 27th"]
[Site "Capoliveri"]
[Date "2009.05.??"]
[Round "5"]
[White "Cacinschi, Alexandru"]
[Black "Ricci, Alfredo"]
[Result "1-0"]
[WhiteElo "1949"]
[BlackElo "2024"]
[PlyCount "105"]
[EventDate "2009.05.10"]
[EventType "swiss"]
[EventRounds "9"]
[EventCountry "ITA"]
[SourceTitle "EXT 2011"]
[Source "ChessBase"]
[SourceDate "2010.11.26"]
[SourceVersion "1"]
[SourceVersionDate "2010.11.26"]
[SourceQuality "1"]

1. e4 c5 2. Nf3 e6 3. d4 cxd4 4. Nxd4 a6 5. c4 Qc7 6. a3 Nf6 7. Nc3 b6 8. Be3 Bb7 9. f3 d6 10. Be2 Be7 11. 0-0 0-0 12. Rc1 Nbd7 13. Nb1 Rac8 14. Qe1 Rfe8 15. Nd2 Qb8 16. Qg3 d5 17. Qxb8 Rxb8 18. cxd5 exd5 19. Nc6 Bxc6 20. Rxc6 Bc5 21. Bxc5 bxc5 22. b3 c4 23. bxc4 Rb2 24. cxd5 Rxd2 25. Bxa6 Ra2 26. Bb5 Rxa3 27. Rc7 Rd8 28. Rfc1 Raa8 29. Bc6 Rac8 30. d6 Nf8 31. e5 Nh5 32. Bd5 Rxc7 33. dxc7 Rc8 34. Bb7 Rxc7 35. Rxc7 Nf4 36. Be4 g6 37. g3 N4e6 38. Ra7 Nc5 39. Bd5 Nfe6 40. Bxe6 Nxe6 41. f4 Kg7 42. Kf2 Kf8 43. Ke3 h5 44. h3 Nc5 45. g4 hxg4 46. hxg4 Ke8 47. f5 gxf5 48. gxf5 Nd7 49. Rxd7 Kxd7 50. Kd4 Kd8 51. Kd5 Kd7 52. f6 Kd8 53. Kd6 1-0

[Event "Isola d'Elba op 27th"]
[Site "Capoliveri"]
[Date "2009.05.??"]
[Round "4"]
[White "Petrolo, Mauro"]
[Black "Cacinschi, Alexandru"]
[Result "1/2-1/2"]
[WhiteElo "1946"]
[BlackElo "1949"]
[PlyCount "165"]
[EventDate "2009.05.10"]
[EventType "swiss"]
[EventRounds "9"]
[EventCountry "ITA"]
[SourceTitle "EXT 2011"]
[Source "ChessBase"]
[SourceDate "2010.11.26"]
[SourceVersion "1"]
[SourceVersionDate "2010.11.26"]
[SourceQuality "1"]

1. e4 e6 2. d4 d5 3. Nd2 c5 4. exd5 exd5 5. Bb5+ Bd7 6. Qe2+ Be7 7. dxc5 Nf6 8. Ngf3 0-0 9. Bxd7 Qxd7 10. 0-0 Bxc5 11. Nb3 Bb6 12. Be3 Re8 13. Nbd4 Nc6 14. Qd3 Rac8 15. c3 Ne4 16. Rad1 Rcd8 17. Rfe1 h6 18. Nb3 Bc7 19. Nc5 Qc8 20. Qb5 b6 21. Na6 Nf6 22. Nxc7 Qxc7 23. h3 Na5 24. Nd4 Nc4 25. Bc1 Nd6 26. Qc6 Rxe1+ 27. Rxe1 Qxc6 28. Nxc6 Rd7 29. Re7 Rxe7 30. Nxe7+ Kf8 31. Nc6 Nc8 32. Bf4 Ke8 33. Be5 Kd7 34. Bxf6 gxf6 35. Nd4 Nd6 36. Kf1 a5 37. Ke2 Ke7 38. b3 f5 39. f3 Kf6 40. Kd3 f4 41. Ne2 Ke5 42. a4 h5 43. Nd4 Nc8 44. b4 Ne7 45. bxa5 bxa5 46. Nb3 Nc8 47. Nxa5 Nb6 48. Nc6+ Kd6 49. Nb4 Nxa4 50. Kd4 Nb6 51. Nd3 Nc8 52. Nxf4 Ne7 53. Nxh5 Nf5+ 54. Kd3 Nh4 55. Nf4 Ke5 56. g3 Nxf3 57. Ke3 Ng5 58. h4 Ne4 59. Ne2 Nf6 60. Kf3 Kf5 61. Nd4+ Kg6 62. g4 Ne4 63. Ne2 Kf6 64. Kf4 Nf2 65. g5+ Kg6 66. Ng3 Nd3+ 67. Ke3 Ne5 68. Kd4 Nf3+ 69. Kxd5 Nxh4 70. Ne4 Nf5 71. c4 Ne7+ 72. Kd6 Nc8+ 73. Kc7 Ne7 74. Kd7 Nf5 75. c5 Nd4 76. c6 Nb5 77. Nd6 Nc3 78. Ne4 Nb5 79. Nd6 Nc3 80. Nc8 Kxg5 81. Ne7 Nb5 82. Nd5 f5 83. c7 1/2-1/2

[Event "Isola d'Elba op 27th"]
[Site "Capoliveri"]
[Date "2009.05.??"]
[Round "6"]
[White "Picone, Franco"]
[Black "Cacinschi, Alexandru"]
[Result "0-1"]
[WhiteElo "1886"]
[BlackElo "1949"]
[PlyCount "104"]
[EventDate "2009.05.10"]
[EventType "swiss"]
[EventRounds "9"]
[EventCountry "ITA"]
[SourceTitle "EXT 2011"]
[Source "ChessBase"]
[SourceDate "2010.11.26"]
[SourceVersion "1"]
[SourceVersionDate "2010.11.26"]
[SourceQuality "1"]

1. d4 e6 2. Bf4 c5 3. e3 d5 4. Nf3 Nc6 5. c3 Nf6 6. Nbd2 Be7 7. Bd3 Bd7 8. Ne5 a6 9. a4 Qb6 10. Qb1 Rc8 11. 0-0 Nxe5 12. Bxe5 h6 13. a5 Qd8 14. e4 Bc6 15. Bxf6 gxf6 16. exd5 Bxd5 17. c4 Bxg2 18. Kxg2 Qxd4 19. Rg1 Qg4+ 20. Kh1 Qf4 21. Ne4 Qf3+ 22. Rg2 Rd8 23. Ra3 Qf4 24. Qe1 f5 25. Ng3 Qd4 26. Qc3 Qxc3 27. Rxc3 Bf6 28. Rb3 Rd7 29. f4 Bd8 30. Nh5 Ke7 31. Re2 Rg8 32. Ng3 Kf8 33. Nh5 Ke7 34. Bc2 Bxa5 35. Rd3 Rg6 36. Rxd7+ Kxd7 37. Rg2 Bc7 38. Kg1 b5 39. cxb5 axb5 40. Kf2 Kc6 41. Kf3 c4 42. Rxg6 fxg6 43. Ng3 g5 44. Ne2 gxf4 45. Nd4+ Kd5 46. Nxb5 Bb6 47. Nc3+ Kc5 48. h4 Bc7 49. h5 Be5 50. Bb1 Kb4 51. Ne2 Kb3 52. Nxf4 Bxf4 0-1

[Event "Nichelino op"]
[Site "Nichelino"]
[Date "2008.10.06"]
[Round "6"]
[White "Cacinschi, Alexandru"]
[Black "Crepaldi, Manuele"]
[Result "1/2-1/2"]
[WhiteElo "1939"]
[BlackElo "1817"]
[PlyCount "105"]
[EventDate "2008.10.02"]
[EventType "swiss"]
[EventRounds "6"]
[EventCountry "ITA"]
[SourceTitle "CBM 126 Extra"]
[Source "ChessBase"]
[SourceDate "2008.11.05"]
[SourceVersion "1"]
[SourceVersionDate "2008.11.05"]
[SourceQuality "1"]

1. c4 g6 2. Nf3 Bg7 3. g3 e5 4. Nc3 f5 5. d3 d6 6. Bg2 Nf6 7. 0-0 c6 8. e4 0-0 9. b4 h6 10. Nd2 f4 11. a4 Na6 12. Ba3 Nc7 13. b5 c5 14. Nd5 Ncxd5 15. exd5 g5 16. Ne4 g4 17. f3 gxf3 18. Bxf3 fxg3 19. hxg3 Bh3 20. Bg2 Bxg2 21. Kxg2 Qd7 22. Qe2 Nxe4 23. dxe4 Bf6 24. Qh5 Bg5 25. Qg6+ Kh8 26. Bc1 Rxf1 27. Bxg5 Rf7 28. Bf6+ Rxf6 29. Qxf6+ Qg7 30. Rf1 Rg8 31. Qf3 Qg6 32. Qf6+ Kh7 33. Qf3 Kh8 34. Qe3 Kg7 35. a5 Rf8 36. Rxf8 Kxf8 37. Qf3+ Kg7 38. Kh3 h5 39. Kh4 Kh6 40. Qe3+ Kh7 41. Qf3 Kh6 42. Qf8+ Kh7 43. Qe7+ Kh8 44. Qg5 Qxe4+ 45. Kxh5 Qh7+ 46. Kg4 Qg7 47. Qxg7+ Kxg7 48. Kf5 Kf7 49. g4 Kg7 50. Kg5 Kg8 51. Kf5 Kg7 52. Kg5 Kf8 53. Kf5 1/2-1/2

[Event "Nichelino op"]
[Site "Nichelino"]
[Date "2008.10.04"]
[Round "4"]
[White "Cacinschi, Alexandru"]
[Black "Melone, Antonio"]
[Result "1-0"]
[WhiteElo "1939"]
[BlackElo "1848"]
[PlyCount "87"]
[EventDate "2008.10.02"]
[EventType "swiss"]
[EventRounds "6"]
[EventCountry "ITA"]
[SourceTitle "CBM 126 Extra"]
[Source "ChessBase"]
[SourceDate "2008.11.05"]
[SourceVersion "1"]
[SourceVersionDate "2008.11.05"]
[SourceQuality "1"]

1. c4 Nf6 2. Nf3 g6 3. g3 Bg7 4. Bg2 0-0 5. 0-0 d6 6. Nc3 Bg4 7. Qb3 Qc8 8. d3 c6 9. Re1 Nbd7 10. e4 e5 11. Be3 h6 12. Qc2 Ne8 13. Nh4 Qd8 14. b4 Kh7 15. b5 c5 16. Nd5 Nc7 17. Nc3 Rg8 18. a4 Bf8 19. h3 Be6 20. a5 f5 21. f4 Be7 22. Nf3 exf4 23. Bxf4 g5 24. Bc1 f4 25. e5 Bf5 26. g4 Bg6 27. Qe2 dxe5 28. Bb2 Bf6 29. Nd2 Rb8 30. Nce4 Bg7 31. Nd6 b6 32. Be4 Qf6 33. Bxg6+ Qxg6 34. Nf5 Bf6 35. axb6 axb6 36. Ra7 Bd8 37. Qe4 Nf6 38. Qxe5 Re8 39. Rxc7+ Bxc7 40. Qxc7+ Kh8 41. Rxe8+ Rxe8 42. Ne4 Re6 43. Qc8+ Re8 44. Bxf6+ 1-0